Breaking Bad Characters by Number of Lines - Statistics

General Stats
  • This quiz has been taken 172 times
  • The average score is 13 of 31
Answer Stats
Lines Character % Correct
3,844 Walter White
100%
2,162 Jesse Pinkman
95%
1,641 Skyler White
93%
275 Gus Fring
83%
464 Saul Goodman
81%
1,244 Hank Schrader
74%
82 Tuco Salamanca
71%
666 Marie Schrader
69%
181 Badger
57%
534 Walter White Jr.
55%
451 Mike Ehrmantraut
54%
138 Skinny Pete
54%
164 Lydia Rodarte-Quayle
43%
113 Todd Alquist
38%
192 Jane Margolis
37%
189 Ted Beneke
33%
35 Combo
30%
33 Huell
28%
277 Steven Gomez
26%
21 Victor
26%
68 Gale Boetticher
24%
84 Andrea Cantillo
22%
25 Tyrus Kitt
16%
9 Marco Salamanca
14%
19 Brock Cantillo
13%
9 Leonel Salamanca
13%
50 Kuby
10%
94 Uncle Jack
10%
99 Gretchen Schwartz
7%
0 Tio Salamanca
7%
39 Kenny
3%
No matching quizzes found
Score Distribution
Percent of People with Each Score
Percentile by Number Answered
Your Score History
You have not taken this quiz